[Event "BL 1920 SG Speyer-Schwegenheim - SV Hoc"]
[Site "?"]
[Date "2021.10.16"]
[Round "13.2"]
[White "Kantans, Toms"]
[Black "Ponomariov, Ruslan"]
[Result "0-1"]
[WhiteElo "2494"]
[BlackElo "2631"]
[PlyCount "54"]
[EventDate "2021.??.??"]

1. e4 e6 2. d4 d5 3. Nd2 c5 4. Ngf3 Nc6 5. exd5 exd5 6. Bb5 Qe7+ 7. Be2 Qc7 8.
O-O Nf6 9. Re1 Be6 10. dxc5 Bxc5 11. Nb3 Bb6 12. Nfd4 O-O 13. Be3 Rfe8 14. a4
a6 15. c3 Bd7 16. Nc2 Rad8 17. Bf3 Ne5 18. Bd4 Qd6 19. Ne3 Bc7 20. g3 Nxf3+ 21.
Qxf3 Ne4 22. h4 Qg6 23. Kg2 h5 24. a5 Be6 25. Nc5 Nxc5 26. Bxc5 Qe4 27. Red1
Bh3+ 0-1

[Event "BL 1920 SG Speyer-Schwegenheim - SV Hoc"]
[Site "?"]
[Date "2021.10.16"]
[Round "13.3"]
[White "Saric, Ivan"]
[Black "Boguslawski, Oleg"]
[Result "1-0"]
[WhiteElo "2644"]
[BlackElo "2390"]
[PlyCount "95"]
[EventDate "2021.??.??"]

1. e4 c5 2. Nf3 Nc6 3. d4 cxd4 4. Nxd4 e5 5. Nb5 d6 6. N1c3 a6 7. Na3 Be7 8.
Nc4 b5 9. Ne3 Nf6 10. Bd3 O-O 11. O-O b4 12. Ncd5 Be6 13. a3 a5 14. Bd2 Rb8 15.
b3 Re8 16. Qe1 Qc8 17. axb4 Bxd5 18. exd5 Nxb4 19. Bc4 Qc5 20. Qd1 Bd8 21. Be1
Qc8 22. c3 Na6 23. b4 Re7 24. Bxa6 Qxa6 25. bxa5 Ra7 26. c4 g6 27. c5 dxc5 28.
Bc3 Bc7 29. Qa4 Qd3 30. Ra3 Nxd5 31. Bxe5 Qd2 32. Bxc7 Nxc7 33. Qc6 Qb4 34.
Rfa1 Ne6 35. h3 Qb5 36. Qd6 Rba8 37. a6 Nc7 38. Ng4 Ne8 39. Nh6+ Kg7 40. Nf5+
Kg8 41. Ne7+ Kh8 42. Qe5+ Ng7 43. Nd5 Qe8 44. Qd6 Ne6 45. Rb1 h5 46. Rb7 Qf8
47. Qxf8+ Nxf8 48. Nc7 1-0

[Event "BL 1920 SG Speyer-Schwegenheim - SV Hoc"]
[Site "?"]
[Date "2021.10.16"]
[Round "13.4"]
[White "Bodrozic, Tomislav"]
[Black "Braun, Arik"]
[Result "0-1"]
[WhiteElo "2358"]
[BlackElo "2589"]
[PlyCount "94"]
[EventDate "2021.??.??"]

1. e4 c6 2. d4 d5 3. e5 Bf5 4. Nf3 e6 5. Be2 Ne7 6. O-O Ng6 7. c3 Nd7 8. Ne1 f6
9. f4 Qb6 10. Nd2 fxe5 11. g4 exd4 12. gxf5 dxc3+ 13. Kh1 cxd2 14. fxe6 dxc1=Q
15. exd7+ Kxd7 16. Rxc1 Rd8 17. Nd3 Bd6 18. b4 Rhe8 19. b5 Re3 20. bxc6+ bxc6
21. Rb1 Qd4 22. Rb4 Qf6 23. Rb7+ Ke8 24. Qc2 Qf5 25. Qxc6+ Kf8 26. Ne5 Rxe2 27.
Rf7+ Qxf7 28. Nxf7 Kxf7 29. Qxd5+ Kf8 30. Qh5 Rd2 31. Qxh7 Kf7 32. Qh5 Rxh2+
33. Kxh2 Rh8 34. Qxh8 Nxh8 35. Kh3 Ng6 36. Kg4 Bxf4 37. Kf5 Bd2 38. Rf2 Bc3 39.
Rc2 Ba5 40. a4 Ne7+ 41. Ke5 Bb4 42. Rf2+ Kg8 43. Ke6 a5 44. Rg2 Nc8 45. Kf5 Kf7
46. Rc2 Ne7+ 47. Kg5 Ke6 0-1

[Event "BL 1920 SG Speyer-Schwegenheim - SV Hoc"]
[Site "?"]
[Date "2021.10.16"]
[Round "13.5"]
[White "Wagner, Dennis"]
[Black "Mager, Denis"]
[Result "1-0"]
[WhiteElo "2576"]
[BlackElo "2280"]
[PlyCount "115"]
[EventDate "2021.??.??"]

1. d4 d5 2. c4 c6 3. Nf3 Nf6 4. e3 g6 5. Nc3 Bg7 6. Be2 O-O 7. O-O Re8 8. h3
Nbd7 9. cxd5 cxd5 10. Qb3 e6 11. a4 Ne4 12. a5 Ndf6 13. Ne5 Nd6 14. Bd2 Nfe4
15. Nxe4 Nxe4 16. Be1 f6 17. Nd3 Bd7 18. f3 Nd6 19. Nc5 Bc6 20. Bf2 Qe7 21.
Rfc1 Rac8 22. Rc2 Rc7 23. Rac1 Rec8 24. Bd3 Bh6 25. Re1 Kh8 26. e4 dxe4 27.
fxe4 e5 28. Ne6 Ba4 29. Rxc7 Rxc7 30. Qa2 Rc8 31. Qxa4 Qxe6 32. d5 Qe7 33. Bxa7
f5 34. exf5 gxf5 35. Qd1 Bg7 36. Bf1 Qh4 37. Re2 Qb4 38. Qe1 Qb3 39. Rxe5 Qxb2
40. Re2 Qb3 41. Bb6 Qxd5 42. Rd2 Qe4 43. Qxe4 Nxe4 44. Rd7 Be5 45. Re7 Bd6 46.
Rxb7 Rc1 47. a6 Ng3 48. Bd4+ Kg8 49. Rg7+ Kf8 50. Rxg3 Bxg3 51. a7 Rc8 52. Bc5+
Kg7 53. Be2 Re8 54. Kh1 f4 55. Bf3 Re1+ 56. Bg1 Bf2 57. a8=Q Rxg1+ 58. Kh2 1-0

[Event "BL 1920 SG Speyer-Schwegenheim - SV Hoc"]
[Site "?"]
[Date "2021.10.16"]
[Round "13.6"]
[White "Commercon, Simon"]
[Black "Buhmann, Rainer"]
[Result "0-1"]
[WhiteElo "2204"]
[BlackElo "2580"]
[PlyCount "88"]
[EventDate "2021.??.??"]

1. d4 d5 2. c4 e6 3. Nc3 Nf6 4. cxd5 exd5 5. Bg5 Be7 6. e3 O-O 7. Bd3 Re8 8.
Nge2 Nbd7 9. O-O c6 10. Qc2 Nf8 11. Rae1 g6 12. Bh4 Ne6 13. f3 b5 14. Bf2 Bb7
15. Kh1 Rc8 16. e4 a6 17. e5 Nh5 18. Qd2 c5 19. dxc5 Nxc5 20. Bd4 Ng7 21. Bb1
Bh4 22. Rc1 Nge6 23. f4 b4 24. Nd1 a5 25. Bxc5 Nxc5 26. Nd4 Ba6 27. Rf3 Ne4 28.
Qe3 Rxc1 29. Qxc1 Qb6 30. Qe3 Rc8 31. Bd3 Bxd3 32. Qxd3 Rc1 33. g3 Be7 34. Kg2
Qc5 35. Ne3 a4 36. Ne2 Re1 37. Nxd5 Rxe2+ 38. Qxe2 Qxd5 39. Qd3 Qc6 40. Kh3 h5
41. g4 hxg4+ 42. Kxg4 Qe6+ 43. f5 gxf5+ 44. Rxf5 Nf2+ 0-1

[Event "BL 1920 SG Speyer-Schwegenheim - SV Hoc"]
[Site "?"]
[Date "2021.10.16"]
[Round "13.7"]
[White "Baramidze, David"]
[Black "Kraemer, Enrico"]
[Result "1-0"]
[WhiteElo "2601"]
[BlackElo "2218"]
[PlyCount "99"]
[EventDate "2021.??.??"]

1. e4 e5 2. Nf3 Nc6 3. Bc4 Nf6 4. d3 Be7 5. Nc3 O-O 6. O-O d6 7. a3 Bg4 8. h3
Bh5 9. Be3 Qd7 10. Nd5 Kh8 11. Nxf6 Bxf6 12. Nxe5 Nxe5 13. Qxh5 Nxc4 14. dxc4
Bxb2 15. Rab1 Bxa3 16. Rxb7 a5 17. Bd4 Qe7 18. Qg4 f6 19. Ra1 Bc5 20. Bxc5 dxc5
21. Ra4 Qe5 22. Rb5 h6 23. Qf5 Qc3 24. Qxc5 Qxc2 25. Rbxa5 Rad8 26. Qf5 Rd1+
27. Kh2 Rd2 28. Ra8 Rdd8 29. Rxd8 Rxd8 30. Ra6 Re8 31. Rc6 Re5 32. Qf3 Rxe4 33.
Qf5 Re2 34. Qxc2 Rxc2 35. Kg3 Kh7 36. Rxc7 Kg6 37. Kf3 h5 38. h4 Rc3+ 39. Ke4
Rc2 40. Ke3 Kh6 41. g3 g5 42. hxg5+ fxg5 43. Rc6+ Kg7 44. Kf3 Rc3+ 45. Kg2 Rc2
46. Rc8 h4 47. c5 Rc3 48. c6 hxg3 49. f3 g4 50. f4 1-0

[Event "BL 1920 SG Speyer-Schwegenheim - SV Hoc"]
[Site "?"]
[Date "2021.10.16"]
[Round "13.8"]
[White "Flierl, Pascal"]
[Black "Banusz, Tamas"]
[Result "0-1"]
[WhiteElo "2211"]
[BlackElo "2610"]
[PlyCount "66"]
[EventDate "2021.??.??"]

1. e4 e5 2. Nf3 Nc6 3. Bc4 Bc5 4. d3 Nf6 5. O-O O-O 6. Re1 d6 7. c3 a5 8. a4 h6
9. Nbd2 Ne7 10. Nf1 Ng6 11. Ng3 c6 12. h3 d5 13. Bb3 Bd6 14. Be3 Re8 15. Qd2
Be6 16. Bc2 Qc7 17. Rad1 c5 18. exd5 Nxd5 19. Ne4 Bf8 20. c4 Ndf4 21. Bxf4 Nxf4
22. Ng3 Bd7 23. Qe3 Bc6 24. Ne4 Rad8 25. Nc3 b6 26. Nb5 Qb7 27. Kh2 g6 28. Rd2
Re6 29. Rg1 Bg7 30. Ne1 Qd7 31. Bd1 e4 32. g3 Nxd3 33. Be2 Qe7 0-1

[Event "BL 1920 BCA Augsburg - FC Bayern Münch"]
[Site "?"]
[Date "2021.10.16"]
[Round "13.1"]
[White "Huschenbeth, Niclas"]
[Black "Postny, Evgeny"]
[Result "1/2-1/2"]
[WhiteElo "2608"]
[BlackElo "2552"]
[PlyCount "171"]
[EventDate "2021.??.??"]

1. e4 e5 2. Nf3 Nc6 3. Bc4 Bc5 4. c3 Nf6 5. d4 exd4 6. e5 d5 7. Bb5 Ne4 8. cxd4
Bb4+ 9. Nbd2 O-O 10. O-O Bg4 11. Qa4 Bxd2 12. Nxd2 Bd7 13. Bxc6 Bxc6 14. Qb3
Nxd2 15. Bxd2 a5 16. a4 b6 17. Rfc1 Bb7 18. Qg3 Kh8 19. e6 c6 20. exf7 Rxf7 21.
Bf4 Rc8 22. Be5 c5 23. h4 Kg8 24. Rc3 Qd7 25. h5 h6 26. Qh4 cxd4 27. Rxc8+ Qxc8
28. Bxd4 Qc7 29. Re1 Bc6 30. b3 b5 31. axb5 Bxb5 32. Ba1 Qf4 33. Qxf4 Rxf4 34.
Re5 Re4 35. Rxd5 Re1+ 36. Kh2 Rxa1 37. Rxb5 a4 38. bxa4 Rxa4 39. Kg3 Rc4 40. f4
Rc3+ 41. Kg4 Rc2 42. g3 Rc3 43. Rf5 Ra3 44. Kh3 Rb3 45. Re5 Ra3 46. Kg2 Rb3 47.
Kf2 Kf7 48. Re3 Rb5 49. g4 Rb4 50. Kf3 Ra4 51. Rd3 Rb4 52. Ke3 Ra4 53. Rd4 Ra5
54. Ke4 Ra1 55. Ke5 Kg8 56. Ke6 Re1+ 57. Kf5 Kh7 58. Re4 Rg1 59. Re7 Rf1 60.
Rf7 Rf2 61. Rf8 Rg2 62. Re8 Rf2 63. Re7 Rf1 64. Re4 Rg1 65. Rd4 Rg2 66. Rd7 Rf2
67. Ke4 Rg2 68. Kf3 Rg1 69. Rd5 Rf1+ 70. Ke4 Re1+ 71. Kf5 Rf1 72. Rd6 Rf2 73.
Rd4 Rg2 74. Rc4 Rg1 75. Re4 Rg2 76. g5 hxg5 77. fxg5 g6+ 78. hxg6+ Kg7 79. Re7+
Kg8 80. g7 Ra2 81. Kg6 Ra6+ 82. Kh5 Rb6 83. Ra7 Rc6 84. g6 Rc5+ 85. Kh6 Rh5+
86. Kxh5 1/2-1/2

[Event "BL 1920 BCA Augsburg - FC Bayern Münch"]
[Site "?"]
[Date "2021.10.16"]
[Round "13.2"]
[White "Papp, Gabor"]
[Black "Bogner, Sebastian"]
[Result "1/2-1/2"]
[WhiteElo "2594"]
[BlackElo "2572"]
[PlyCount "121"]
[EventDate "2021.??.??"]

1. e4 e5 2. Nf3 Nf6 3. d4 Nxe4 4. Bd3 d5 5. Nxe5 Nd7 6. Nc3 Bb4 7. O-O Nxe5 8.
dxe5 Nxc3 9. bxc3 Bxc3 10. Rb1 O-O 11. Bxh7+ Kxh7 12. Qd3+ Kg8 13. Qxc3 a5 14.
Qg3 Ra6 15. Bg5 Qd7 16. f4 Qf5 17. Bf6 Qg6 18. Rb3 a4 19. Ra3 Bf5 20. Qf2 Qh6
21. Rg3 Rxf6 22. exf6 Qxf6 23. Qc5 c6 24. c3 b5 25. a3 Re8 26. Re3 Be4 27. Rf2
Re6 28. h3 Qe7 29. Qxe7 Rxe7 30. f5 f6 31. g4 Re5 32. h4 Kf7 33. Rh2 Kg8 34.
Kf2 Kh7 35. Kg3 Kh6 36. Kf4 Kh7 37. Rhe2 Kg8 38. Rb2 Re7 39. Rb4 Re5 40. Rb2
Kh7 41. Rf2 Kg8 42. h5 Kh7 43. h6 g5+ 44. fxg6+ Kxh6 45. Rh2+ Kxg6 46. Rh8 Re7
47. Rg8+ Rg7 48. Rxg7+ Kxg7 49. g5 fxg5+ 50. Kxg5 Kf7 51. Rh3 Ke6 52. Rh6+ Ke5
53. Rxc6 Bc2 54. Rc5 Bb3 55. Rxb5 Ke4 56. Kf6 Kd3 57. Ke5 Kxc3 58. Rxd5 Bxd5
59. Kxd5 Kb3 60. Kd4 Kxa3 61. Kc3 1/2-1/2

[Event "BL 1920 BCA Augsburg - FC Bayern Münch"]
[Site "?"]
[Date "2021.10.16"]
[Round "13.3"]
[White "Santos Ruiz, Miguel"]
[Black "Nestorovic, Nikola"]
[Result "1/2-1/2"]
[WhiteElo "2596"]
[BlackElo "2467"]
[PlyCount "50"]
[EventDate "2021.??.??"]

1. c4 e5 2. g3 Nc6 3. Bg2 f5 4. Nc3 Nf6 5. e3 d5 6. Nxd5 Nxd5 7. cxd5 Nb4 8. d3
Nxd5 9. Nf3 Bd6 10. O-O Nf6 11. b4 Qe7 12. Bb2 O-O 13. Qc2 c6 14. e4 a5 15.
bxa5 fxe4 16. dxe4 Rxa5 17. Rfd1 Be6 18. Ng5 Bc5 19. Nxe6 Qxe6 20. Rd2 Ng4 21.
Bh3 h5 22. Bc3 Ra3 23. Bb2 Ra5 24. Bc3 Ra3 25. Bb2 Ra5 1/2-1/2

[Event "BL 1920 BCA Augsburg - FC Bayern Münch"]
[Site "?"]
[Date "2021.10.16"]
[Round "13.4"]
[White "Prusikin, Michael"]
[Black "Dragnev, Valentin"]
[Result "1/2-1/2"]
[WhiteElo "2545"]
[BlackElo "2543"]
[PlyCount "72"]
[EventDate "2021.??.??"]

1. e4 c5 2. Nf3 d6 3. Bb5+ Nd7 4. c4 Ngf6 5. Nc3 g6 6. d3 Bg7 7. h3 O-O 8. Ba4
Nb8 9. Be3 Bd7 10. Bb3 Nc6 11. O-O e5 12. Ba4 Ne8 13. Nh2 Nc7 14. f4 f5 15.
fxe5 Nxe5 16. Bxd7 Qxd7 17. Qd2 fxe4 18. Nxe4 b6 19. Bg5 Qe6 20. b3 d5 21. Nc3
Qd7 22. Rad1 b5 23. Nxb5 Nxb5 24. cxb5 Qxb5 25. Bf4 Rae8 26. Bxe5 Bxe5 27. Ng4
Bg7 28. Rxf8+ Rxf8 29. Qg5 Qd7 30. Ne3 Bd4 31. Kh1 Bxe3 32. Qxe3 d4 33. Qe5 Rf5
34. Qb8+ Rf8 35. Qe5 Rf5 36. Qb8+ Rf8 1/2-1/2

[Event "BL 1920 BCA Augsburg - FC Bayern Münch"]
[Site "?"]
[Date "2021.10.16"]
[Round "13.5"]
[White "Bischoff, Klaus"]
[Black "Rozentalis, Eduardas"]
[Result "1/2-1/2"]
[WhiteElo "2495"]
[BlackElo "2513"]
[PlyCount "40"]
[EventDate "2021.??.??"]

1. d4 Nf6 2. c4 e6 3. Nf3 b6 4. Nc3 Bb7 5. a3 d5 6. Bg5 Be7 7. Bxf6 Bxf6 8.
cxd5 exd5 9. Qa4+ Qd7 10. Qxd7+ Nxd7 11. e3 O-O 12. Be2 c5 13. O-O a6 14. a4
Rac8 15. Rfd1 Rfd8 16. Ne1 cxd4 17. exd4 Nf8 18. Nc2 Ne6 19. g3 g6 20. h4 h5
1/2-1/2

[Event "BL 1920 BCA Augsburg - FC Bayern Münch"]
[Site "?"]
[Date "2021.10.16"]
[Round "13.6"]
[White "Stankovic, Milos"]
[Black "Fedorovsky, Michael"]
[Result "1-0"]
[WhiteElo "2420"]
[BlackElo "2402"]
[PlyCount "113"]
[EventDate "2021.??.??"]

1. e4 c5 2. Nf3 Nc6 3. Bb5 g6 4. O-O Bg7 5. Re1 e5 6. Bxc6 dxc6 7. d3 Qc7 8.
Be3 b6 9. a3 a5 10. Nbd2 Nf6 11. Nc4 Ng4 12. Bd2 b5 13. Ne3 O-O 14. a4 Rd8 15.
Qc1 Nxe3 16. Bxe3 Qe7 17. h3 f6 18. Qd2 b4 19. b3 Be6 20. Qe2 Bf8 21. Nd2 g5
22. Nf1 Qf7 23. Ng3 Rd7 24. Qf3 Qg6 25. Nh5 Be7 26. g4 Rad8 27. Kg2 Rf8 28. Ng3
Rc8 29. Rh1 Bf8 30. Rh2 Rg7 31. Rah1 Rd8 32. Rg1 Rdd7 33. Nf5 Bxf5 34. exf5 Qf7
35. Qxc6 Qd5+ 36. Qxd5+ Rxd5 37. Kf3 Rgd7 38. Ke4 Kf7 39. h4 h6 40. hxg5 hxg5
41. Rh8 Rd8 42. Rgh1 Bg7 43. Rxd8 Rxd8 44. Bxc5 Rc8 45. Kd5 Kg8 46. f3 Kf7 47.
Rh2 Kg8 48. Rh3 Kf7 49. Rh7 Kg8 50. Rh2 Kf7 51. Bb6 Bf8 52. Rh7+ Bg7 53. Bxa5
Rxc2 54. Bxb4 Rf2 55. Rh3 Rb2 56. Kc4 Rc2+ 57. Bc3 1-0

[Event "BL 1920 BCA Augsburg - FC Bayern Münch"]
[Site "?"]
[Date "2021.10.16"]
[Round "13.7"]
[White "Schneider, Stefan"]
[Black "Arnaudov, G. Petar"]
[Result "0-1"]
[WhiteElo "2380"]
[BlackElo "2455"]
[PlyCount "71"]
[EventDate "2021.??.??"]

1. d4 Nf6 2. Nf3 e6 3. Bf4 d5 4. e3 Bd6 5. Bd3 O-O 6. c3 Bxf4 7. exf4 b6 8. Qe2
c5 9. Ne5 Bb7 10. Nd2 cxd4 11. cxd4 Nc6 12. Nxc6 Bxc6 13. O-O Qd6 14. Rac1 Bb7
15. f5 exf5 16. Bxf5 Qf4 17. Qd3 g6 18. Bh3 Ba6 19. Qxa6 Qxd2 20. Qa4 Ne4 21.
Bd7 Rad8 22. Rc2 Qf4 23. Bb5 Rc8 24. Ba6 Rxc2 25. Qxc2 Ng5 26. Qb3 Qxd4 27. Rd1
Qg4 28. Qxd5 Re8 29. Kf1 Ne6 30. h3 Qf4 31. Qc6 Rf8 32. g3 Qe5 33. Qc2 Nd4 34.
Qc3 Rd8 35. Bc4 b5 36. Bb3 0-1

[Event "BL 1920 BCA Augsburg - FC Bayern Münch"]
[Site "?"]
[Date "2021.10.16"]
[Round "13.8"]
[White "Schmittdiel, Eckhard"]
[Black "Rafiee, Makan"]
[Result "1-0"]
[WhiteElo "2402"]
[BlackElo "2324"]
[PlyCount "85"]
[EventDate "2021.??.??"]

1. e4 e5 2. Nf3 Nc6 3. Bb5 a6 4. Ba4 Nf6 5. O-O Be7 6. Qe2 b5 7. Bb3 O-O 8. c3
d5 9. d3 h6 10. Re1 d4 11. Nbd2 a5 12. cxd4 Nxd4 13. Nxd4 exd4 14. a4 c6 15.
Nf3 Be6 16. Bxe6 fxe6 17. e5 Ne8 18. Qe4 Bb4 19. Re2 c5 20. axb5 Rb8 21. Qg4
Kh7 22. Qxe6 Rxb5 23. Qh3 Kg8 24. Re4 Rb6 25. Qg3 Nc7 26. e6 Rxe6 27. Rxe6 Nxe6
28. Bxh6 Qf6 29. Bg5 Qf5 30. Rd1 c4 31. dxc4 Qc2 32. Rc1 Qxb2 33. Qe5 Nxg5 34.
Qxg5 Rf5 35. Qd8+ Kh7 36. Rd1 Rxf3 37. gxf3 Bc3 38. Qh4+ Kg8 39. Qe4 Qb6 40.
Qd5+ Kh7 41. c5 Qg6+ 42. Kh1 Qc2 43. Qe4+ 1-0

[Event "BL 1920 SV Mülheim Nord - SG Solingen"]
[Site "?"]
[Date "2021.10.16"]
[Round "13.1"]
[White "Ragger, Markus"]
[Black "Nguyen, Thai Dai Van"]
[Result "1/2-1/2"]
[WhiteElo "2664"]
[BlackElo "2577"]
[PlyCount "46"]
[EventDate "2021.??.??"]

1. e4 e5 2. Nf3 Nf6 3. Nxe5 d6 4. Nf3 Nxe4 5. d4 d5 6. Bd3 Bd6 7. O-O O-O 8. c4
c6 9. Re1 Bf5 10. Qb3 Qd7 11. Nc3 Nxc3 12. Bxf5 Qxf5 13. Qxb7 Ne4 14. Qxa8 Qd7
15. cxd5 cxd5 16. Rxe4 Nc6 17. Qxf8+ Kxf8 18. Re2 f6 19. Bd2 g5 20. Bc3 h5 21.
Rae1 Ne7 22. h4 g4 23. Nd2 Kf7 1/2-1/2

[Event "BL 1920 SV Mülheim Nord - SG Solingen"]
[Site "?"]
[Date "2021.10.16"]
[Round "13.2"]
[White "Tregubov, Pavel V"]
[Black "Ganguly, Surya Shekhar"]
[Result "0-1"]
[WhiteElo "2546"]
[BlackElo "2617"]
[PlyCount "73"]
[EventDate "2021.??.??"]

1. e4 e5 2. Nf3 Nc6 3. Bb5 Nf6 4. O-O Nxe4 5. d4 Nd6 6. dxe5 Nxb5 7. a4 Nbd4 8.
Nxd4 d5 9. Nxc6 bxc6 10. Qd3 a5 11. Nd2 Qd7 12. Re1 Be7 13. Nf3 Qg4 14. Nd4 Ba6
15. Qd2 Bb7 16. h3 Qh5 17. Qf4 O-O 18. Be3 Rfe8 19. Nb3 Qg6 20. Rac1 c5 21.
Bxc5 Bg5 22. Qg3 Bxc1 23. Qxg6 hxg6 24. Nxc1 Bc8 25. f4 Bd7 26. b3 f6 27. Kf2
Bf5 28. Re2 Be4 29. exf6 gxf6 30. Bd4 Kf7 31. Na2 Bxg2 32. Rxe8 Rxe8 33. Kxg2
Re2+ 34. Kf3 Rxc2 35. Nc3 c5 36. Bxf6 Kxf6 37. Nxd5+ 0-1

[Event "BL 1920 SV Mülheim Nord - SG Solingen"]
[Site "?"]
[Date "2021.10.16"]
[Round "13.3"]
[White "Andersen, Mads"]
[Black "Buckels, Valentin"]
[Result "1-0"]
[WhiteElo "2572"]
[BlackElo "2457"]
[PlyCount "121"]
[EventDate "2021.??.??"]

1. Nf3 d5 2. g3 Nf6 3. Bg2 c5 4. O-O Nc6 5. d4 e6 6. c4 dxc4 7. dxc5 Qxd1 8.
Rxd1 Bxc5 9. Nbd2 c3 10. bxc3 O-O 11. Nb3 Be7 12. Nfd4 Bd7 13. Nb5 Ne5 14. Ba3
Bxa3 15. Nxa3 Rac8 16. Bxb7 Rc7 17. f4 Ng6 18. Ba6 Rxc3 19. Bb5 Bxb5 20. Nxb5
Re3 21. Nxa7 e5 22. f5 Ne7 23. Nb5 h5 24. Nc1 Ra8 25. a4 Re4 26. a5 Rb4 27. Nd6
e4 28. Ra3 Rb1 29. Nc4 Nc6 30. a6 Nb4 31. a7 Nc6 32. Ra6 Nxa7 33. Ne3 Rc8 34.
Rxa7 Rcxc1 35. Rxc1 Rxc1+ 36. Kf2 Rc5 37. h3 Nd5 38. Nxd5 Rxd5 39. g4 hxg4 40.
hxg4 g6 41. fxg6 f5 42. Re7 fxg4 43. Rxe4 Rg5 44. Kg3 Kg7 45. Re6 Rf5 46. Kxg4
Rf1 47. Kg5 Rf2 48. Re7+ Kg8 49. Re8+ Kg7 50. Re7+ Kg8 51. e4 Rf1 52. Re8+ Kg7
53. Re7+ Kg8 54. e5 Rg1+ 55. Kf6 Rf1+ 56. Ke6 Rg1 57. Kf6 Rf1+ 58. Ke6 Rg1 59.
g7 Ra1 60. Rd7 Ra6+ 61. Kf5 1-0

[Event "BL 1920 SV Mülheim Nord - SG Solingen"]
[Site "?"]
[Date "2021.10.16"]
[Round "13.4"]
[White "Zelbel, Patrick"]
[Black "Predojevic, Borki"]
[Result "1/2-1/2"]
[WhiteElo "2453"]
[BlackElo "2577"]
[PlyCount "43"]
[EventDate "2021.??.??"]

1. e4 d6 2. d4 Nf6 3. Nc3 e5 4. Nf3 Nbd7 5. Bc4 Be7 6. a4 O-O 7. O-O c6 8. Re1
h6 9. h3 Re8 10. Be3 exd4 11. Bxd4 Nf8 12. e5 dxe5 13. Bxe5 Be6 14. Bxe6 Nxe6
15. Nd4 Nxd4 16. Qxd4 Qxd4 17. Bxd4 a6 18. Re2 Rad8 19. Bb6 Rc8 20. Bd4 Rcd8
21. Bb6 Rc8 22. Bd4 1/2-1/2

[Event "BL 1920 SV Mülheim Nord - SG Solingen"]
[Site "?"]
[Date "2021.10.16"]
[Round "13.5"]
[White "Smeets, Jan"]
[Black "Dinstuhl, Volkmar"]
[Result "1/2-1/2"]
[WhiteElo "2568"]
[BlackElo "2387"]
[PlyCount "69"]
[EventDate "2021.??.??"]

1. e4 e5 2. Nf3 Nc6 3. Bb5 a6 4. Ba4 d6 5. O-O Bd7 6. c3 g6 7. d4 Bg7 8. dxe5
Nxe5 9. Nxe5 dxe5 10. Bb3 Nf6 11. Be3 O-O 12. Nd2 Qe7 13. f3 Nh5 14. g3 Bh3 15.
Re1 Bf6 16. Qe2 Bg5 17. Bf2 Be6 18. Nf1 Rfd8 19. Red1 Nf6 20. h4 Bh6 21. Qc2
Rxd1 22. Rxd1 Re8 23. Rd3 Nd7 24. Bxe6 Qxe6 25. Qd1 Nf6 26. b3 Bf8 27. Kg2 Re7
28. Ne3 Rd7 29. Nc4 Rxd3 30. Qxd3 Nd7 31. a4 b5 32. axb5 axb5 33. Nd2 c6 34. b4
h5 35. Be3 1/2-1/2

[Event "BL 1920 SV Mülheim Nord - SG Solingen"]
[Site "?"]
[Date "2021.10.16"]
[Round "13.6"]
[White "Hoenig, Alexander"]
[Black "Nikolic, Predrag"]
[Result "0-1"]
[WhiteElo "2203"]
[BlackElo "2554"]
[PlyCount "64"]
[EventDate "2021.??.??"]

1. d4 Nf6 2. Nf3 d5 3. Bf4 c5 4. c3 Nc6 5. e3 Bg4 6. Nbd2 e6 7. h3 Bh5 8. Qb3
Qc8 9. g4 Bg6 10. Nh4 Ne4 11. Ndf3 Be7 12. Nxg6 hxg6 13. Bg2 O-O 14. Ne5 g5 15.
Bh2 Nxe5 16. Bxe5 Qc6 17. c4 Rac8 18. Rd1 cxd4 19. cxd5 exd5 20. Bxd4 Qa6 21.
Bxe4 dxe4 22. Bc3 Rfd8 23. a4 Rxd1+ 24. Kxd1 Bf6 25. Kc1 Bxc3 26. bxc3 Qf6 27.
Kb2 Qxf2+ 28. Qc2 Qxe3 29. Rd1 Qb6+ 30. Qb3 Qxb3+ 31. Kxb3 e3 32. Kc2 Re8 0-1

[Event "BL 1920 SV Mülheim Nord - SG Solingen"]
[Site "?"]
[Date "2021.10.16"]
[Round "13.8"]
[White "Baltic, Fatih"]
[Black "Wegerle, Joerg"]
[Result "0-1"]
[WhiteElo "2288"]
[BlackElo "2404"]
[PlyCount "142"]
[EventDate "2021.??.??"]

1. e4 e6 2. d3 d5 3. Nd2 Nf6 4. Ngf3 b6 5. g3 dxe4 6. dxe4 Bc5 7. Bg2 Ba6 8. c4
Qd3 9. Bf1 Qd7 10. Bg2 Nc6 11. e5 Ng4 12. O-O Rd8 13. Qe1 Nb4 14. Ne4 Be7 15.
Bd2 Nc2 16. Qc1 Nxa1 17. h3 Bb7 18. Re1 Qd3 19. Nfg5 Bxe4 20. Nxe4 Nxe5 21. Re3
Qc2 22. Qxa1 Bb4 23. Bxb4 Rd1+ 24. Qxd1 Qxd1+ 25. Kh2 Nd7 26. c5 Qa4 27. a3 O-O
28. cxb6 axb6 29. b3 Qa6 30. Bxf8 Kxf8 31. a4 Nf6 32. Nxf6 gxf6 33. Rf3 Ke7 34.
Rc3 c5 35. Re3 Qa5 36. Bf1 Qd2 37. Kg2 f5 38. Bc4 Qd4 39. Kf3 Kf6 40. Kg2 h6
41. Kg1 Kg5 42. Rd3 Qe4 43. Re3 Qc6 44. Bb5 Qc7 45. Rd3 Kg6 46. Kg2 f4 47. gxf4
Qxf4 48. Rg3+ Kh7 49. Bc4 h5 50. Rf3 Qg5+ 51. Rg3 Qe7 52. Kg1 h4 53. Rg2 Qd8
54. Rg4 f5 55. Rg2 Kh6 56. Kh1 Qd1+ 57. Kh2 Qe1 58. Bb5 Qe5+ 59. Kg1 Qc3 60.
Bc4 e5 61. Kh2 e4 62. Bf7 Qf6 63. Bc4 Qe5+ 64. Kh1 Qa1+ 65. Kh2 Qe1 66. f3 exf3
67. Rg1 Qf2+ 68. Kh1 Qe3 69. Rg8 Qe1+ 70. Kh2 f2 71. Rh8+ Kg5 0-1

[Event "BL 1920 SK Doppelbauer Turm Kiel - Hamb"]
[Site "?"]
[Date "2021.10.16"]
[Round "13.1"]
[White "Svane, Rasmus"]
[Black "Demchenko, Anton"]
[Result "0-1"]
[WhiteElo "2625"]
[BlackElo "2651"]
[PlyCount "106"]
[EventDate "2021.??.??"]

1. Nf3 Nf6 2. c4 g6 3. d4 Bg7 4. g3 O-O 5. Bg2 d6 6. Nc3 Nc6 7. O-O e5 8. dxe5
dxe5 9. Bg5 h6 10. Qxd8 Rxd8 11. Bxf6 Bxf6 12. Nd5 Kg7 13. Nxc7 Rb8 14. e4 Be7
15. Rfd1 Be6 16. Nxe6+ fxe6 17. Kf1 Bc5 18. h4 a5 19. Rac1 b6 20. Ke2 a4 21.
Rxd8 Rxd8 22. a3 Rf8 23. Bh3 Kf6 24. Ne1 Nd4+ 25. Kf1 Nb3 26. Rc3 Ke7 27. f3 h5
28. Ke2 Bd4 29. Rc2 Bg1 30. Rc3 Bc5 31. Bf1 Bd4 32. Rc2 Bg1 33. Kd1 Be3 34. Rg2
Bh6 35. g4 hxg4 36. Rxg4 Kf6 37. Nd3 Nd2 38. Be2 Nxc4 39. Ke1 Rc8 40. Bd1 Rd8
41. Ke2 b5 42. b3 Nxa3 43. f4 Nb1 44. Bc2 Nc3+ 45. Kd2 Nxe4+ 46. Ke3 axb3 47.
Bb1 Nc3 48. Nxe5 Rg8 49. Bd3 Nd5+ 50. Ke4 Bxf4 51. Nd7+ Ke7 52. Nc5 Bd6 53. Kd4
Nf6 0-1

[Event "BL 1920 SK Doppelbauer Turm Kiel - Hamb"]
[Site "?"]
[Date "2021.10.16"]
[Round "13.2"]
[White "Dziuba, Marcin"]
[Black "Miton, Kamil"]
[Result "1/2-1/2"]
[WhiteElo "2578"]
[BlackElo "2579"]
[PlyCount "50"]
[EventDate "2021.??.??"]

1. d4 d5 2. c4 e6 3. Nc3 Nf6 4. cxd5 Nxd5 5. e4 Nxc3 6. bxc3 c5 7. Rb1 Be7 8.
Nf3 O-O 9. Bc4 Qc7 10. Qe2 a6 11. O-O b5 12. Bd3 Nd7 13. a4 bxa4 14. d5 exd5
15. exd5 Nf6 16. c4 Bg4 17. h3 Bh5 18. Ra1 Bd6 19. Rxa4 Rfe8 20. Qd1 Bh2+ 21.
Kh1 Bf4 22. g4 Bg6 23. Bxg6 hxg6 24. Kg2 Bxc1 25. Qxc1 Ne4 1/2-1/2

[Event "BL 1920 SK Doppelbauer Turm Kiel - Hamb"]
[Site "?"]
[Date "2021.10.16"]
[Round "13.3"]
[White "Kempinski, Robert"]
[Black "Glud, Jakob Vang"]
[Result "1-0"]
[WhiteElo "2565"]
[BlackElo "2524"]
[PlyCount "87"]
[EventDate "2021.??.??"]

1. d4 d5 2. Nf3 Nf6 3. c4 e6 4. Nc3 Be7 5. Bf4 O-O 6. e3 Nbd7 7. a3 Nh5 8. Be5
c6 9. Bd3 dxc4 10. Bxc4 c5 11. O-O a6 12. dxc5 Nxe5 13. Nxe5 Qxd1 14. Rfxd1
Bxc5 15. g4 Nf6 16. g5 Ne8 17. Ne4 Bb6 18. Rac1 Nc7 19. Nd6 Ba7 20. Bb3 Nd5 21.
Bxd5 exd5 22. Nxc8 Raxc8 23. Rxc8 Rxc8 24. Rxd5 Bb8 25. Nd3 Kf8 26. Nc5 Ba7 27.
Nxb7 Rc1+ 28. Kg2 Rc2 29. Nd6 g6 30. Kf3 Rxb2 31. Ra5 Bb8 32. Rxa6 Ke7 33. Ne4
Bxh2 34. Ra7+ Ke6 35. Nc5+ Kd5 36. Nd3 Rb3 37. Ke2 Kc4 38. Ra4+ Kb5 39. Rh4 Bd6
40. Rxh7 Kc4 41. Rh4+ Kc3 42. Rd4 Bxa3 43. Rd7 Rb5 44. Rc7+ 1-0